MARC

LEADER 00000nam0a2200000 4500
001 685946
005 20260403110004.0
090 |a 685946 
100 |a 20260403d1978 km|y0rusy50 ca 
101 0 |a rus 
102 |a RU 
105 |a y z 001yy 
181 0 |a i   |b  e  
182 0 |a n 
183 0 |a nc  |2 RDAcarrier 
200 1 |a Космос. Земля. Право  |f В. Д. Бордунов, В. Н. Марков 
203 |a Текст  |b визуальный  |c непосредственный 
210 |a Москва  |c Международные отношения  |d 1978 
215 |a 136 с. 
283 |a volume  |2 RDAcarrier 
320 |a Примечания: с. 129-132 
606 |a Космическое право  |9 42078 
610 1 |a Земля 
610 1 |a изучение из космоса 
610 1 |a дистанционное зондирование 
610 1 |a политико-правовые проблемы 
610 1 |a международное сотрудничество 
610 1 |a правовое регулирование 
686 |2 rubbk  |a Х612 
700 1 |a Бордунов  |b В. Д.  |g Виталий Дмитриевич 
701 1 |a Марков  |b В. Н.  |g Вячеслав Николаевич 
801 0 |a RU  |b 63413507  |c 20260403 
830 |a Ретро2026Каталогизация Шило 
850 |a 63413507 
942 |c BK